[Event "Landesklasse Ost 2025/26"]
[Site "?"]
[Date "2025.11.23"]
[Round "3.7"]
[White "Läßiger, Helko"]
[Black "Margraf, Moritz"]
[Result "1/2-1/2"]
[WhiteElo "1737"]
[BlackElo "1525"]
[WhiteFideId "-1"]
[BlackFideId "-1"]
[PlyCount "115"]
[GameId "551533766271"]
[EventDate "2025.09.14"]
[EventType "team-tourn"]
[EventRounds "9"]
[SourceTitle "Thueringer Schachbund"]
[Source "ThSB"]
[SourceDate "2025.09.14"]
[SourceVersion "1"]
[SourceVersionDate "2025.09.14"]
[SourceQuality "1"]
[WhiteTeam "SC Rochade Zeulenroda"]
[BlackTeam "SV Thuringia Königsee"]

1. e4 e6 2. d4 d5 3. Bd3 dxe4 4. Bxe4 Nf6 5. Bf3 Bd6 6. Ne2 O-O 7. O-O c6 8. Bg5 Nbd7 9. Bh4 Be7 10. Bg3 Nb6 11. Nd2 Bd6 12. Bh4 Be7 13. c4 Nfd7 14. Bg3 Bh4 15. Qc2 Bxg3 16. hxg3 Nf6 17. Rad1 Qc7 18. Nf4 Rd8 19. Ne4 Nxe4 20. Bxe4 h6 21. b3 Bd7 22. Rfe1 Re8 23. Nd3 Nc8 24. c5 Ne7 25. Ne5 Rf8 26. Qe2 Nd5 27. Bb1 Nc3 28. Qd3 Nxb1 29. Qxb1 Qd8 30. b4 Be8 31. Nc4 b5 32. Nd6 Qc7 33. Qb3 Bd7 34. Ra1 a5 35. a3 axb4 36. axb4 Ra7 37. Qf3 Qb8 38. Ra3 Rxa3 39. Qxa3 Qa8 40. Ra1 Qxa3 41. Rxa3 Rd8 42. Ra7 Be8 43. f4 Kf8 44. g4 Bd7 45. Kf2 f6 46. Kf3 g5 47. g3 Kg8 48. Ke4 Kf8 49. Rc7 Ke7 50. Nb7 Rc8 51. Rxc8 Bxc8 52. Nd6 Bd7 53. f5 exf5+ 54. gxf5 h5 55. d5 Kf8 56. Kd4 Ke7 57. Ke4 Kf8 58. Kd4 1/2-1/2

[Event "Landesklasse Ost 2025/26"]
[Site "?"]
[Date "2025.11.23"]
[Round "3.8"]
[White "Elsässer, Alexander"]
[Black "Barth, Christian"]
[Result "0-1"]
[WhiteElo "1437"]
[BlackElo "1707"]
[WhiteFideId "-1"]
[BlackFideId "-1"]
[PlyCount "148"]
[GameId "551541237368"]
[EventDate "2025.09.14"]
[EventType "team-tourn"]
[EventRounds "9"]
[SourceTitle "Thueringer Schachbund"]
[Source "ThSB"]
[SourceDate "2025.09.14"]
[SourceVersion "1"]
[SourceVersionDate "2025.09.14"]
[SourceQuality "1"]
[WhiteTeam "SV Thuringia Königsee"]
[BlackTeam "SC Rochade Zeulenroda"]

1. d4 d5 2. Nc3 e6 3. Bf4 c5 4. dxc5 Bxc5 5. e4 d4 6. Nb5 Na6 7. Nf3 Qa5+ 8. Bd2 Qb6 9. e5 Bd7 10. Nd6+ Bxd6 11. exd6 Qxd6 12. Bxa6 bxa6 13. O-O Ne7 14. Re1 f6 15. a3 Nc6 16. Bb4 Qd5 17. c3 a5 18. Bxa5 Nxa5 19. Nxd4 O-O 20. Qc2 e5 21. Nf3 Qb3 22. Qd3 Bb5 23. Qe3 Rfd8 24. Nh4 Rd3 25. Qe4 Qd5 26. Qg4 Rd8 27. Nf5 Qd7 28. h3 Nb3 29. Rab1 g6 30. Nh6+ Kg7 31. Qh4 Rd2 32. Ng4 Qf5 33. Qh6+ Kg8 34. Qh4 Kg7 35. Qh6+ Kh8 36. Qh4 R8d6 37. Qh6 Kg8 38. Qh4 Qg5 39. Qg3 Qf4 40. Qh4 h5 41. g3 Qg5 42. Qxg5 fxg5 43. Nxe5 Nc5 44. b4 Nd3 45. Nxd3 R6xd3 46. Rbc1 Bc4 47. a4 Rf3 48. Re4 Bd3 49. Rd4 Rc2 50. Re1 a6 51. Re7 Rxc3 52. Kg2 Rf7 53. Re3 Bf1+ 54. Kg1 Rxe3 55. fxe3 Rf6 56. h4 g4 57. e4 Kf7 58. e5 Rf3 59. Rd1 Bc4 60. Kg2 Rb3 61. Rd7+ Ke6 62. Rd6+ Kxe5 63. Rxg6 Rb2+ 64. Kg1 Ke4 65. Rf6 Rxb4 66. Kf2 Rxa4 67. Rf4+ Kd3 68. Rf5 Ra2+ 69. Kg1 Ke3 70. Rf6 Bd3 71. Rf4 a5 72. Rf8 a4 73. Rf4 a3 74. Rf8 Rd2 0-1

[Event "Landesklasse Ost 2025/26"]
[Site "?"]
[Date "2025.11.23"]
[Round "3.1"]
[White "Schulz, Phillip"]
[Black "Besancon, Pascal"]
[Result "0-1"]
[WhiteElo "1968"]
[BlackElo "1930"]
[WhiteFideId "-1"]
[BlackFideId "-1"]
[PlyCount "80"]
[GameId "548674620348"]
[EventDate "2025.09.14"]
[EventType "team-tourn"]
[EventRounds "9"]
[SourceTitle "Thueringer Schachbund"]
[Source "ThSB"]
[SourceDate "2025.09.14"]
[SourceVersion "1"]
[SourceVersionDate "2025.09.14"]
[SourceQuality "1"]
[WhiteTeam "TV 1887 Germania Hermsdorf"]
[BlackTeam "Schachklub Weida"]

{[%evp 0,80,58,5,44,-36,3,24,27,23,50,34,49,42,39,28,67,50,70,47,67,52,95,76,67,40,110,63,145,21,30,14,30,11,11,-8,8,7,23,-17,23,2,-10,-38,-31,-15,-57,-65,-25,-95,-65,-65,163,171,190,194,194,194,201,206,222,191,191,65,193,92,143,137,173,166,169,169,155,155,195,137,137,123,138,98,145,-29993,-29994]} 1. d4 Nf6 2. c4 d6 3. Nc3 e5 4. Nf3 Nbd7 5. e4 Be7 6. Be2 O-O 7. O-O c6 8. h3 Re8 9. Be3 Qc7 10. d5 Nf8 11. Ne1 Ng6 12. Nd3 Nd7 13. Bg4 c5 14. Bxd7 Bxd7 15. Qd2 f5 16. f3 f4 17. Bf2 Rf8 18. Rfc1 Qc8 19. Kh2 Nh4 20. Bxh4 Bxh4 21. Ne2 Rf6 22. b4 b6 23. a4 Rh6 24. Ng1 Bg3+ 25. Kh1 Bxh3 26. gxh3 cxb4 27. Nxb4 Qc5 28. Nc6 Rf8 29. a5 Bf2 30. Ne7+ Kh8 31. Rf1 Be3 32. Qe2 bxa5 33. Nf5 Bxg1 34. Nxh6 Bd4 35. Nf5 Bxa1 36. Rxa1 Rb8 37. Ne7 Rb4 38. Rc1 a4 39. Nc6 Rb3 40. Rc2 Rb1+ 0-1

[Event "Landesklasse Ost 2025/26"]
[Site "?"]
[Date "2025.11.23"]
[Round "3.2"]
[White "Schlierf, Andre"]
[Black "Moje, Hans-Jürgen"]
[Result "1/2-1/2"]
[WhiteElo "1781"]
[BlackElo "1800"]
[WhiteFideId "-1"]
[BlackFideId "-1"]
[PlyCount "58"]
[GameId "548675609513"]
[EventDate "2025.09.14"]
[EventType "team-tourn"]
[EventRounds "9"]
[SourceTitle "Thueringer Schachbund"]
[Source "ThSB"]
[SourceDate "2025.09.14"]
[SourceVersion "1"]
[SourceVersionDate "2025.09.14"]
[SourceQuality "1"]
[WhiteTeam "Schachklub Weida"]
[BlackTeam "TV 1887 Germania Hermsdorf"]

{[%evp 0,58,21,3,-36,-24,-26,-12,65,113,197,131,165,152,150,117,156,113,120,113,94,82,102,86,98,99,97,106,136,113,117,117,144,12,134,134,198,202,181,181,201,196,205,219,242,160,176,127,141,141,136,35,35,82,111,89,83,75,78,74,105]} 1. c4 Nf6 2. Nc3 e6 3. e4 Bb4 4. e5 Bxc3 5. bxc3 Ng8 6. d4 d6 7. Nf3 dxe5 8. Nxe5 Nd7 9. Qa4 c6 10. Bf4 Nxe5 11. Bxe5 Nf6 12. Be2 O-O 13. O-O Nd7 14. Bd6 Re8 15. Qc2 e5 16. Rfe1 Qf6 17. c5 e4 18. Bd3 Qd8 19. Bxe4 Nf6 20. Bd3 Bg4 21. f3 Bh5 22. Qd2 Qd7 23. Rxe8+ Rxe8 24. Re1 Bg6 25. Kf2 Rxe1 26. Kxe1 Bxd3 27. Qxd3 b5 28. Qe2 Nd5 29. Kd2 f6 1/2-1/2

[Event "Landesklasse Ost 2025/26"]
[Site "?"]
[Date "2025.11.23"]
[Round "3.3"]
[White "Hadlich, Gerald"]
[Black "Künzel, Andre"]
[Result "1/2-1/2"]
[WhiteElo "1766"]
[BlackElo "1944"]
[WhiteFideId "-1"]
[BlackFideId "-1"]
[PlyCount "65"]
[GameId "548880316903"]
[EventDate "2025.09.14"]
[EventType "team-tourn"]
[EventRounds "9"]
[SourceTitle "Thueringer Schachbund"]
[Source "ThSB"]
[SourceDate "2025.09.14"]
[SourceVersion "1"]
[SourceVersionDate "2025.09.14"]
[SourceQuality "1"]
[WhiteTeam "TV 1887 Germania Hermsdorf"]
[BlackTeam "Schachklub Weida"]

{[%evp 0,65,16,38,50,-15,14,-11,-17,-21,7,-28,10,-2,35,4,4,-38,95,2,146,-3,179,67,115,4,13,-8,136,136,136,58,123,111,144,144,115,40,8,-88,-75,-101,-43,-12,-12,-2,10,-100,70,-37,86,-29,-9,19,46,57,66,-54,66,47,6,-20,50,29,62,2,69,64]} 1. Nf3 Nf6 2. g3 d6 3. Bg2 e5 4. d3 Be7 5. e4 Be6 6. O-O Qc8 7. Re1 Bg4 8. c3 Bh3 9. Nbd2 h5 10. Nf1 Ng8 11. d4 h4 12. dxe5 hxg3 13. fxg3 dxe5 14. Bxh3 Qxh3 15. Qd5 Nd7 16. Nxe5 Nxe5 17. Qxe5 Nf6 18. Qf5 Ng4 19. Re2 Rh5 20. Qf3 Bc5+ 21. Be3 Nxe3 22. Nxe3 O-O-O 23. Kh1 Rg5 24. Nf1 Rd6 25. Rae1 Rf6 26. Qg2 Qg4 27. Ne3 Qh5 28. Nd5 Rh6 29. Nf4 Qg4 30. Nd3 Be7 31. Kg1 Rgh5 32. Qf1 Rf6 33. Rf2 1/2-1/2

[Event "Landesklasse Ost 2025/26"]
[Site "?"]
[Date "2025.11.23"]
[Round "3.4"]
[White "Schumann, Robert"]
[Black "Pietsch, Karsten"]
[Result "1/2-1/2"]
[WhiteElo "1836"]
[BlackElo "1706"]
[WhiteFideId "-1"]
[BlackFideId "-1"]
[PlyCount "113"]
[GameId "548881102765"]
[EventDate "2025.09.14"]
[EventType "team-tourn"]
[EventRounds "9"]
[SourceTitle "Thueringer Schachbund"]
[Source "ThSB"]
[SourceDate "2025.09.14"]
[SourceVersion "1"]
[SourceVersionDate "2025.09.14"]
[SourceQuality "1"]
[WhiteTeam "Schachklub Weida"]
[BlackTeam "TV 1887 Germania Hermsdorf"]

{[%evp 0,113,16,56,44,13,41,26,19,19,29,29,49,28,28,31,34,31,22,4,37,-38,26,14,37,39,55,28,48,28,31,31,84,74,74,74,93,93,153,50,93,83,78,66,120,130,98,72,68,67,68,71,45,48,73,68,35,48,25,17,16,55,18,10,48,48,62,62,61,43,81,99,99,53,12,-142,-183,-183,-202,-202,-275,-258,-255,-259,-308,-308,-216,-240,-240,-263,-254,-298,-249,-260,-249,-255,-200,-349,-349,-349,-349,-349,-219,-261,-261,-304,-326,-326,-145,-145,-143,-149,-30,-27,0,0]} 1. d4 d5 2. Nf3 Nf6 3. e3 Bf5 4. Bd3 Bxd3 5. Qxd3 Nbd7 6. Nbd2 e6 7. e4 dxe4 8. Nxe4 Be7 9. Bf4 Nd5 10. Bg3 f6 11. O-O O-O 12. c4 Nb4 13. Qb3 f5 14. Nc5 Nxc5 15. Qxb4 f4 16. Bh4 Bxh4 17. Qxc5 Rf5 18. Qb4 b6 19. Rfe1 Be7 20. Qb3 Qd7 21. Rad1 Kh8 22. Ne5 Qe8 23. Qh3 Bd6 24. Qf3 Bxe5 25. Rxe5 Rxe5 26. dxe5 Rd8 27. Rxd8 Qxd8 28. h3 g5 29. Qc6 Qe7 30. b4 Kg7 31. a3 a5 32. bxa5 bxa5 33. a4 h5 34. Qb5 g4 35. hxg4 hxg4 36. c5 g3 37. f3 Qd8 38. Qe2 Qd4+ 39. Kf1 Qa1+ 40. Qe1 Qxa4 41. Qc1 Qd4 42. Qc2 Qa1+ 43. Ke2 Qxe5+ 44. Kd1 Qd4+ 45. Kc1 Kf6 46. Kb1 Qb4+ 47. Ka2 a4 48. Qh7 Qb3+ 49. Ka1 Qc3+ 50. Ka2 Qxc5 51. Qh6+ Ke7 52. Qxf4 Qc2+ 53. Ka1 Qc6 54. Qxg3 Qc3+ 55. Ka2 a3 56. Qh4+ Kd7 57. Qa4+ 1/2-1/2

[Event "Landesklasse Ost 2025/26"]
[Site "?"]
[Date "2025.11.23"]
[Round "3.5"]
[White "Günther, Dominik"]
[Black "Wagner, Uwe"]
[Result "0-1"]
[WhiteElo "1434"]
[BlackElo "1733"]
[WhiteFideId "-1"]
[BlackFideId "-1"]
[PlyCount "42"]
[GameId "548882028858"]
[EventDate "2025.09.14"]
[EventType "team-tourn"]
[EventRounds "9"]
[SourceTitle "Thueringer Schachbund"]
[Source "ThSB"]
[SourceDate "2025.09.14"]
[SourceVersion "1"]
[SourceVersionDate "2025.09.14"]
[SourceQuality "1"]
[WhiteTeam "TV 1887 Germania Hermsdorf"]
[BlackTeam "Schachklub Weida"]

{[%evp 0,42,50,25,26,26,26,14,9,13,53,22,24,-17,1,1,17,17,51,16,16,-10,-10,-15,34,-13,-14,-61,-54,-89,-73,-63,-73,-108,-108,-440,-441,-442,-409,-439,-411,-428,-419,-490,-490]} 1. d4 e6 2. Nf3 Nf6 3. g3 d5 4. Bg2 Be7 5. O-O O-O 6. c4 dxc4 7. Ne5 Nbd7 8. Nxc4 c6 9. a3 Nb6 10. Nxb6 Qxb6 11. Nc3 Nd5 12. Nxd5 exd5 13. b4 Bf5 14. e3 a5 15. Bd2 axb4 16. Bxb4 Bxb4 17. Qb3 Ba5 18. Qxb6 Bxb6 19. Rfc1 Rfb8 20. Rc3 Ba5 21. Rc5 Bb4 0-1

[Event "Landesklasse Ost 2025/26"]
[Site "?"]
[Date "2025.11.23"]
[Round "3.6"]
[White "Heine, Mario"]
[Black "Kretschmann, Ralph"]
[Result "1-0"]
[WhiteElo "1716"]
[BlackElo "1402"]
[WhiteFideId "-1"]
[BlackFideId "-1"]
[PlyCount "55"]
[GameId "548882511218"]
[EventDate "2025.09.14"]
[EventType "team-tourn"]
[EventRounds "9"]
[SourceTitle "Thueringer Schachbund"]
[Source "ThSB"]
[SourceDate "2025.09.14"]
[SourceVersion "1"]
[SourceVersionDate "2025.09.14"]
[SourceQuality "1"]
[WhiteTeam "Schachklub Weida"]
[BlackTeam "TV 1887 Germania Hermsdorf"]

{[%evp 0,55,26,21,75,68,52,60,87,97,116,63,72,67,66,45,50,-21,15,-9,23,-40,-7,-5,-5,-70,-70,-53,-55,-34,-18,-18,-15,-20,-19,-39,-2,-25,-25,-53,10,-35,-20,-25,50,62,60,26,13,3,-16,6,13,25,179,180,180,188]} 1. e4 c6 2. Nf3 d5 3. exd5 cxd5 4. d4 g6 5. c3 Bg7 6. Bf4 Nc6 7. Bd3 Nf6 8. Qc1 O-O 9. O-O a6 10. Bh6 Bg4 11. Bxg7 Kxg7 12. Ne5 Nxe5 13. dxe5 Nd7 14. Qg5 Be6 15. Nd2 f6 16. exf6+ exf6 17. Qg3 Nc5 18. Rfd1 Rc8 19. Nf3 Qc7 20. Qh4 Qb6 21. Nd4 Nxd3 22. Rxd3 Bd7 23. Rd2 Rfe8 24. Qg3 Re4 25. f3 Re3 26. Re1 Rce8 27. Rxe3 Rxe3 28. Qf2 1-0

[Event "Landesklasse Ost 2025/26"]
[Site "?"]
[Date "2025.11.23"]
[Round "3.1"]
[White "Liebold, Aaron"]
[Black "Link, Moritz"]
[Result "1-0"]
[WhiteElo "2115"]
[BlackElo "1672"]
[WhiteFideId "-1"]
[BlackFideId "-1"]
[PlyCount "111"]
[GameId "551185940024"]
[EventDate "2025.09.14"]
[EventType "team-tourn"]
[EventRounds "9"]
[SourceTitle "Thueringer Schachbund"]
[Source "ThSB"]
[SourceDate "2025.09.14"]
[SourceVersion "1"]
[SourceVersionDate "2025.09.14"]
[SourceQuality "1"]
[WhiteTeam "ESV Gera"]
[BlackTeam "SV Schott Jena 2"]

{[%evp 0,111,41,18,18,53,31,29,47,47,47,112,112,157,160,111,185,172,189,189,282,267,267,267,273,273,264,216,238,169,184,193,195,194,167,154,161,151,203,187,169,154,207,203,348,318,318,271,309,226,253,273,285,260,274,209,213,213,218,202,214,223,231,241,241,239,242,238,238,96,96,79,79,83,342,348,198,424,430,162,759,262,776,779,779,794,794,913,938,954,941,1044,1110,29990,29991,985,985,973,973,795,795,808,1013,1016,29995,29996,29999,29996,29999,29996,29997,29998,29999,-30000]} 1. e4 e5 2. Nc3 Nf6 3. d4 Bb4 4. dxe5 Nxe4 5. Qd4 Nxc3 6. Qxb4 Nd5 7. Qe4 Nb6 8. Nf3 h6 9. Bd3 d5 10. exd6+ Be6 11. dxc7 Qxc7 12. Nd4 Qe7 13. Nxe6 Qxe6 14. Qxe6+ fxe6 15. Bg6+ Ke7 16. Bd2 Nc6 17. O-O-O Rhf8 18. f3 Rac8 19. Rhe1 Nd5 20. Be4 Rfd8 21. Bxh6 Ncb4 22. Bg5+ Nf6 23. a3 Nc6 24. h4 Kf7 25. Rxd8 Nxd8 26. Rd1 Nxe4 27. Rxd8 Rxd8 28. Bxd8 Nd6 29. b3 Kg6 30. Kd2 Nb5 31. a4 Nd4 32. Kd3 e5 33. Bc7 Kf5 34. Bxe5 Kxe5 35. f4+ Kd5 36. c4+ Kc5 37. b4+ Kxb4 38. Kxd4 Kxa4 39. f5 a5 40. h5 Kb3 41. h6 gxh6 42. f6 a4 43. f7 a3 44. f8=Q a2 45. Qf3+ Kb2 46. Qc3+ Kb1 47. Kd3 a1=N 48. c5 Ka2 49. c6 bxc6 50. Qxc6 Kb2 51. Qb6+ Ka2 52. Kc3 h5 53. g3 h4 54. gxh4 Nb3 55. Qxb3+ Ka1 56. Qb2# 1-0

[Event "Landesklasse Ost 2025/26"]
[Site "?"]
[Date "2025.11.23"]
[Round "3.2"]
[White "Skarus, Steffen"]
[Black "Helmsdorf, Marius"]
[Result "0-1"]
[WhiteElo "1747"]
[BlackElo "2064"]
[WhiteFideId "-1"]
[BlackFideId "-1"]
[PlyCount "116"]
[GameId "551185940101"]
[EventDate "2025.09.14"]
[EventType "team-tourn"]
[EventRounds "9"]
[SourceTitle "Thueringer Schachbund"]
[Source "ThSB"]
[SourceDate "2025.09.14"]
[SourceVersion "1"]
[SourceVersionDate "2025.09.14"]
[SourceQuality "1"]
[WhiteTeam "SV Schott Jena 2"]
[BlackTeam "ESV Gera"]

{[%evp 0,116,41,-14,-30,-47,-53,-59,-44,-44,-44,-62,-54,-120,-19,-19,23,23,31,22,22,26,36,36,20,23,38,6,44,9,52,45,82,96,96,96,96,85,84,38,79,88,99,74,64,37,69,53,31,12,45,42,42,43,16,36,27,9,-1,-19,-25,-80,-61,-122,-89,-136,-70,-127,-154,-154,-154,-158,-158,-205,-152,-203,-175,-175,-175,-186,-217,-217,-244,-287,-296,-304,-340,-321,-343,-346,-371,-436,-369,-416,-415,-451,-373,-384,-390,-458,-461,-506,-461,-483,-442,-432,-446,-439,-439,-458,-442,-442,-442,-456,-455,-500,-492,-539,-582]} 1. c4 e5 2. g3 Nf6 3. Bg2 d5 4. cxd5 Nxd5 5. Nf3 Nc6 6. O-O Be6 7. d4 exd4 8. Nxd4 Nxd4 9. Qxd4 c6 10. Nc3 Qf6 11. Qxf6 Nxf6 12. Rd1 Be7 13. Bf4 a5 14. b3 Bb4 15. Rac1 Bxc3 16. Rxc3 Nd5 17. Bxd5 Bxd5 18. e4 Be6 19. Bd6 Rg8 20. f4 g6 21. e5 Kd7 22. a3 Rgc8 23. b4 axb4 24. Bxb4+ Ke8 25. Rb1 b6 26. Bd6 Ra6 27. Kf2 c5 28. Kf3 Kd7 29. g4 Rca8 30. Ra1 Kc6 31. g5 Ra4 32. Ke3 Rd4 33. Rd3 Rxd3+ 34. Kxd3 Ra4 35. Ke3 b5 36. Be7 Bd5 37. Bd6 Re4+ 38. Kd3 Rxf4 39. Rc1 Bc4+ 40. Ke3 Rh4 41. a4 bxa4 42. Kf2 a3 43. Kg3 Rd4 44. Be7 a2 45. e6 fxe6 46. Bf6 Rd3+ 47. Kf4 Kd5 48. Re1 Rb3 49. Ra1 Rb1 50. Be5 Kc6 51. Ke3 Bd5 52. Kd3 Kb5 53. Bc3 Ka4 54. Be5 Kb3 55. Kd2 c4 56. h4 Rb2+ 57. Ke3 c3 58. Kd3 Bc4+ 0-1

[Event "Landesklasse Ost 2025/26"]
[Site "?"]
[Date "2025.11.23"]
[Round "3.3"]
[White "Puschendorf, Steffen"]
[Black "Bunke, Wilfried"]
[Result "1-0"]
[WhiteElo "2023"]
[BlackElo "1868"]
[WhiteFideId "-1"]
[BlackFideId "-1"]
[PlyCount "105"]
[GameId "551185940132"]
[EventDate "2025.09.14"]
[EventType "team-tourn"]
[EventRounds "9"]
[SourceTitle "Thueringer Schachbund"]
[Source "ThSB"]
[SourceDate "2025.09.14"]
[SourceVersion "1"]
[SourceVersionDate "2025.09.14"]
[SourceQuality "1"]
[WhiteTeam "ESV Gera"]
[BlackTeam "SV Schott Jena 2"]

{[%evp 0,105,41,26,26,-31,-24,-48,-55,-56,-14,-17,4,-30,51,32,44,28,21,11,28,17,21,2,2,32,32,32,27,41,50,49,37,37,50,26,39,19,70,71,72,21,116,58,64,64,122,122,129,63,113,47,118,21,27,7,21,-11,0,-11,3,-3,9,4,32,30,39,41,82,75,73,62,54,54,54,56,52,49,49,47,52,61,67,67,73,84,106,78,96,97,101,81,104,101,170,136,171,173,201,201,199,238,230,272,313,322,391,401]} 1. d4 Nf6 2. c4 e6 3. g3 d5 4. Nf3 Be7 5. Bg2 O-O 6. O-O c6 7. Nc3 Nbd7 8. b3 b6 9. Qc2 Bb7 10. Rd1 Rc8 11. e4 Nxe4 12. Nxe4 dxe4 13. Qxe4 Nf6 14. Qc2 Qc7 15. Bf4 Bd6 16. Bxd6 Qxd6 17. c5 Qc7 18. b4 b5 19. a4 a6 20. Ng5 Rcd8 21. Ne4 Nxe4 22. Qxe4 Rfe8 23. axb5 axb5 24. Qe5 Qd7 25. f4 h6 26. Qe2 Ra8 27. Qb2 Red8 28. Kf2 Rxa1 29. Qxa1 Ra8 30. Qb2 Ra4 31. Ra1 Rxa1 32. Qxa1 Qd8 33. Ke3 Qa8 34. Qxa8+ Bxa8 35. Ke4 Kf8 36. f5 Ke7 37. fxe6 Kxe6 38. Bh3+ Ke7 39. Bg4 g6 40. Bd1 Bb7 41. Bb3 Bc8 42. d5 cxd5+ 43. Bxd5 Bh3 44. Kd4 g5 45. Be4 Bc8 46. Bc6 Ba6 47. Ke5 f6+ 48. Kd5 h5 49. h4 gxh4 50. gxh4 Kf7 51. Kd6 Kg6 52. Bd7 Kf7 53. c6 1-0

[Event "Landesklasse Ost 2025/26"]
[Site "?"]
[Date "2025.11.23"]
[Round "3.4"]
[White "Jordan, Gunter"]
[Black "Hanmuradov, Ülwi"]
[Result "0-1"]
[WhiteElo "1800"]
[BlackElo "1821"]
[WhiteFideId "-1"]
[BlackFideId "-1"]
[PlyCount "106"]
[GameId "551185940163"]
[EventDate "2025.09.14"]
[EventType "team-tourn"]
[EventRounds "9"]
[SourceTitle "Thueringer Schachbund"]
[Source "ThSB"]
[SourceDate "2025.09.14"]
[SourceVersion "1"]
[SourceVersionDate "2025.09.14"]
[SourceQuality "1"]
[WhiteTeam "SV Schott Jena 2"]
[BlackTeam "ESV Gera"]

{[%evp 0,106,58,-14,-4,-4,23,-12,0,-21,8,-1,43,-41,-7,-13,27,27,27,21,32,21,50,62,62,-7,53,35,87,53,53,94,94,94,91,19,25,-14,143,143,143,138,-8,-94,-58,-83,-55,-204,-242,-292,-281,-286,-281,-284,-271,-336,-290,-286,-287,-287,-301,-287,-301,-287,-264,-264,-250,-307,-204,-248,-207,-220,-220,-218,-228,-234,-204,-219,-244,-267,-195,-267,-187,-235,-237,-278,-287,-330,-321,-352,-299,-299,-304,-304,-307,-305,-297,-297,-292,-305,-292,-307,-305,-294,-305,-313,-318,-344,-349]} 1. c4 e6 2. Nc3 d5 3. d4 Nf6 4. Bg5 Be7 5. Nf3 h6 6. Bh4 O-O 7. e3 b6 8. cxd5 exd5 9. Rc1 Be6 10. Bd3 Nbd7 11. O-O c5 12. Re1 Rc8 13. Ba6 Rc6 14. Bb5 Rc8 15. Ba6 Rc6 16. Bg3 Qa8 17. Nb5 Ne4 18. Ne5 Nxg3 19. Nxc6 Qxc6 20. hxg3 Nb8 21. Qa4 Bd7 22. dxc5 bxc5 23. Qf4 Nxa6 24. a4 Nb4 25. Red1 a6 26. Nc3 Be6 27. b3 Rd8 28. Ne2 Qd7 29. Qe5 Bf6 30. Qf4 Be7 31. Qe5 Nc6 32. Qc3 Qb7 33. Nf4 Nb4 34. Qe5 Bf6 35. Qh5 Rc8 36. Nxe6 fxe6 37. Qg4 Rc6 38. Qg6 Na2 39. Rc2 Nb4 40. Rcc1 Qf7 41. Qg4 e5 42. f4 e4 43. Qe2 Nd3 44. Rc2 Rb6 45. Rxd3 exd3 46. Qxd3 Be7 47. Rd2 c4 48. bxc4 dxc4 49. Qd4 Rd6 50. Qb2 Rxd2 51. Qxd2 Qe6 52. Qd4 Bf6 53. Qa7 c3 0-1

[Event "Landesklasse Ost 2025/26"]
[Site "?"]
[Date "2025.11.23"]
[Round "3.5"]
[White "Hilbig, Dieter"]
[Black "Eichhorn, Mathilda"]
[Result "1-0"]
[WhiteElo "1816"]
[BlackElo "1629"]
[WhiteFideId "-1"]
[BlackFideId "-1"]
[PlyCount "119"]
[GameId "551185940179"]
[EventDate "2025.09.14"]
[EventType "team-tourn"]
[EventRounds "9"]
[SourceTitle "Thueringer Schachbund"]
[Source "ThSB"]
[SourceDate "2025.09.14"]
[SourceVersion "1"]
[SourceVersionDate "2025.09.14"]
[SourceQuality "1"]
[WhiteTeam "ESV Gera"]
[BlackTeam "SV Schott Jena 2"]

1. e4 e6 2. d4 d5 3. Nc3 Bb4 4. exd5 exd5 5. Bd3 Nf6 6. Bg5 Nbd7 7. Nf3 O-O 8. O-O c6 9. Ne2 Re8 10. c3 Bd6 11. Qc2 h6 12. Bh4 Nf8 13. Bg3 Bg4 14. Ne5 Bxe2 15. Bxe2 Ne4 16. Nd3 Ng6 17. Bxd6 Qxd6 18. Rae1 Re7 19. Bh5 Rae8 20. f3 Ng5 21. Rxe7 Rxe7 22. f4 Ne4 23. Ne5 c5 24. Qd3 cxd4 25. Bxg6 fxg6 26. Qxd4 g5 27. Nd3 gxf4 28. Nxf4 Qc5 29. Rd1 Qxd4+ 30. Rxd4 Nf6 31. Nxd5 Nxd5 32. Rxd5 Re1+ 33. Kf2 Rb1 34. Rb5 b6 35. Kf3 Kf7 36. h4 g6 37. b3 Ke6 38. c4 Rb2 39. a4 Rb1 40. g4 Rf1+ 41. Ke3 Re1+ 42. Kd3 Rg1 43. g5 h5 44. a5 Rd1+ 45. Kc3 Rd6 46. b4 Rc6 47. axb6 axb6 48. Rd5 Rc7 49. Kd4 Rf7 50. Re5+ Kd7 51. Kd5 Rf1 52. Re4 Rf5+ 53. Kd4 Kd6 54. Ke3 Kd7 55. Rf4 Re5+ 56. Kd4 Re1 57. Rf7+ Kc8 58. Kd5 Rb1 59. Kc6 Kd8 60. b5 1-0

[Event "Landesklasse Ost 2025/26"]
[Site "?"]
[Date "2025.11.23"]
[Round "3.6"]
[White "Nageler, Laurenz"]
[Black "Kupper, Matthias"]
[Result "1-0"]
[WhiteElo "1600"]
[BlackElo "1729"]
[WhiteFideId "-1"]
[BlackFideId "-1"]
[PlyCount "29"]
[GameId "551185940210"]
[EventDate "2025.09.14"]
[EventType "team-tourn"]
[EventRounds "9"]
[SourceTitle "Thueringer Schachbund"]
[Source "ThSB"]
[SourceDate "2025.09.14"]
[SourceVersion "1"]
[SourceVersionDate "2025.09.14"]
[SourceQuality "1"]
[WhiteTeam "SV Schott Jena 2"]
[BlackTeam "ESV Gera"]

1. e4 c5 2. d4 cxd4 3. c3 d5 4. e5 d3 5. Bxd3 Nc6 6. f4 f5 7. Nf3 Qb6 8. Qb3 Qxb3 9. axb3 e6 10. Be3 a6 11. Bb6 Be7 12. Na3 Nb8 13. Nb5 Bd8 14. Nd6+ Kd7 15. Bxd8 1-0

[Event "Landesklasse Ost 2025/26"]
[Site "?"]
[Date "2025.11.23"]
[Round "3.7"]
[White "Wille, Carsten"]
[Black "Hirsch, Tilo"]
[Result "0-1"]
[WhiteElo "1618"]
[BlackElo "1682"]
[WhiteFideId "-1"]
[BlackFideId "-1"]
[PlyCount "90"]
[GameId "551185940241"]
[EventDate "2025.09.14"]
[EventType "team-tourn"]
[EventRounds "9"]
[SourceTitle "Thueringer Schachbund"]
[Source "ThSB"]
[SourceDate "2025.09.14"]
[SourceVersion "1"]
[SourceVersionDate "2025.09.14"]
[SourceQuality "1"]
[WhiteTeam "ESV Gera"]
[BlackTeam "SV Schott Jena 2"]

1. Nf3 d5 2. d4 Nf6 3. g3 c6 4. Bg2 g6 5. O-O Bg7 6. c4 O-O 7. Bf4 Nbd7 8. Qb3 dxc4 9. Qxc4 Nb6 10. Qc1 Re8 11. Rd1 Nbd5 12. Bh6 Qb6 13. Bxg7 Kxg7 14. Nc3 Bf5 15. Nh4 Bg4 16. Nf3 Rad8 17. h3 Bf5 18. g4 Bc8 19. e3 Nb4 20. a3 Nbd5 21. b4 a5 22. bxa5 Qxa5 23. Nxd5 Nxd5 24. Qb2 f6 25. Rdc1 Rd6 26. Nd2 Qb6 27. Qc2 Qd8 28. Ne4 Rd7 29. Nc5 Rc7 30. Qb3 e5 31. dxe5 Rxe5 32. Rd1 Qg8 33. Rab1 b5 34. Rd4 Nb6 35. Qxg8+ Kxg8 36. Nd3 Ree7 37. Nc5 Re5 38. Ne4 Kg7 39. Rd6 f5 40. gxf5 Bxf5 41. f3 Nc4 42. Rb3 Nxd6 43. Nxd6 Rd7 44. Nc8 Rd1+ 45. Kf2 Bxc8 0-1